MARC

LEADER 00000nam0a2200000 4500
001 316989
005 20231101015616.0
035 |a (RuTPU)RU\TPU\book\342457 
035 |a RU\TPU\book\165277 
090 |a 316989 
100 |a 20160402d1949 m y0rusy50 ca 
101 0 |a rus 
102 |a RU 
105 |a c z 000zy 
200 1 |a История великого закона  |f Б. И. Степанов 
210 |a Москва  |c Молодая гвардия  |d 1949 
215 |a 369с.  |c портр. 
606 1 |a Периодическая система элементов  |x История открытия  |2 stltpush  |3 (RuTPU)RU\TPU\subj\72134 
610 1 |a наука 
610 1 |a закон Ломоносова 
610 1 |a закон Менделеева 
610 1 |a атомы 
610 1 |a атомное ядро 
610 1 |a химия 
610 1 |a история 
610 1 |a открытие 
675 |a 546-123-048.4(09)  |v 4 
700 1 |a Степанов  |b Б. И.  |g Борис Иванович 
801 1 |a RU  |b 63413507  |c 20090130  |g PSBO 
801 2 |a RU  |b 63413507  |c 20200702  |g RCR 
942 |c BK